Judges And General in Pakistan (vol-I) (Record no. 321335)
[ view plain ]
| 000 -LEADER | |
|---|---|
| fixed length control field | 00402 a2200157 4500 |
| 001 - CONTROL NUMBER | |
| control field | 86262 |
| 003 - CONTROL NUMBER IDENTIFIER | |
| control field | NUST |
| 005 - DATE AND TIME OF LATEST TRANSACTION | |
| control field | 20180122103045.0 |
| 008 - FIXED-LENGTH DATA ELEMENTS--GENERAL INFORMATION | |
| fixed length control field | 180122b xxu||||| |||| 00| 0 eng d |
| 020 ## - INTERNATIONAL STANDARD BOOK NUMBER | |
| International Standard Book Number | 9781908596628 |
| 082 ## - DEWEY DECIMAL CLASSIFICATION NUMBER | |
| Classification number | 954.9105 sHE |
| 100 ## - MAIN ENTRY--PERSONAL NAME | |
| Personal name | Inam R. Sehri |
| 9 (RLIN) | 9454 |
| 245 ## - TITLE STATEMENT | |
| Title | Judges And General in Pakistan (vol-I) |
| Statement of responsibility, etc. | Inam R. Sehri |
| Medium | English |
| 250 ## - EDITION STATEMENT | |
| Edition statement | 1st |
| 260 ## - PUBLICATION, DISTRIBUTION, ETC. | |
| Place of publication, distribution, etc. | UK |
| Name of publisher, distributor, etc. | PHP Books |
| Date of publication, distribution, etc. | 2012 |
| 300 ## - PHYSICAL DESCRIPTION | |
| Extent | XV 333p. |
| 500 ## - GENERAL NOTE | |
| General note | General Collection |
| 942 ## - ADDED ENTRY ELEMENTS (KOHA) | |
| Institution code [OBSOLETE] | CAE NUST |
| Koha item type | Book |
| Call number prefix | 954.9105 SHE |
| Source of classification or shelving scheme | |
| Withdrawn status | Lost status | Damaged status | Not for loan | Collection code | Permanent Location | Current Location | Date acquired | Total Checkouts | Full call number | Barcode | Date last seen | Price effective from | Koha item type |
|---|---|---|---|---|---|---|---|---|---|---|---|---|---|
| College of Aeronautical Engineering (CAE) | College of Aeronautical Engineering (CAE) | 04/03/2017 | 954.9105 SHE | CAE85194 | 04/05/2017 | 04/05/2017 | Book |
